Narración de mis experiencias en Educación no Formal.

Gespeichert in:
Bibliographische Detailangaben
1. Verfasser: Guzmán, José Teódulo (autor)
Format: Buch
Sprache:Spanisch
Schriftenreihe:(Serie Ciencias Sociales; 22)
Schlagworte:
Tags: Tag hinzufügen
Keine Tags, Fügen Sie das erste Tag hinzu!

MARC

LEADER 00000nam^a2200000^u^4500
001 000523897
005 20250625000000.0
008 121016s1000^^^^^^^^^^^^r^^^^^000^0^spa^d
009 20260526151737.896
035 |a FCE 000068139 
037 |a Acervo ITESO - Biblioteca 
041 |a spa 
082 0 4 |a 370.115  |b GUZn 
100 |a Guzmán, José Teódulo  |e (autor) 
245 1 0 |a Narración de mis experiencias en Educación no Formal. 
264 |a México:  |b Gernika,  |c 1994. 
300 |a 103 p. 
336 |a texto  |b txt  |2 rdacontenido 
337 |a sin mediación  |b n  |2 rdamedio 
338 |a volumen  |b nc  |2 rdasoporte 
440 1 |a (Serie Ciencias Sociales; 22) 
649 |a XX 
650 |a Educación comunitaria 
650 |a Educación popular 
650 |a Educación no formal 
650 |a Educación preescolar 
650 |a Proyectos educativos 
910 |a Fondo Centro de Estudios Educativos 
920 |a Impresos - Libros 
930 |a Fondos Especiales 
905 |a 133 
901 |a ALE073431  |b IT2  |c CEE  |u 20250521 
902 |a https://opac.biblio.iteso.mx/vufind/Record/000523897